000 00354nam a2200169Ia 4500
100 _aWalls/Colin
650 _aEmbedded
250 _a2
942 _cRB
366 _f25
654 _aembedded
245 _aEmbedded software:The works
260 _bElsevier/Newnes
_c2012
082 _a3.3
_bWAL
300 _a395
546 _aENGLISH
_cPAMPHALETS
999 _c24543
_d24543